Les grands dirigeants de l'Histoire - Statistiques

Statistiques générales
  • Ce quiz a été pris 55 fois
  • Le résultat moyen est 6 sur 20
Statistiques - réponses
Hint Réponse % Correct
Monarque du Saint-Empire romain germanique du XVIe siècle, connu pour sa tentative de maintenir l'unité de son empire face aux divisions religieuses croissantes, ainsi que pour son rôle dans les grandes alliances et conflits de son époque, en particulier avec la France et les États liés à la Réforme protestante. Charles V
79%
Roi perse de la dynastie achéménide, connu pour son implication dans les guerres médiques Xerxès 1er
63%
Tsarine de Russie du XVIIIe siècle, connue pour son érudition. Catherine II
53%
Fondateur de l'Empire carolingien connu pour ses victoires militaires et son attachement à la culture et à l'éducation. Charlemagne
53%
Premier empereur romain chrétien, fondateur de Constantinople. Constantin
53%
Roi français du XVIe siècle, principalement connu pour son érudition et son opposition au Saint-Emire romain germanique François 1er
53%
Premier tsar de Russie qui a oeuvré tout au long du XVIe siècle pour son pays. Cependant, il est surtout connu pour son règne de terreur. Ivan le Terrible
50%
Souverain anglais connu pour ses victoires militaires pendant la guerre de Cent ans, notamment Azincourt en 1415 Henri V
42%
Empereur romain d'Orient du VIe siècle, principalement connu pour ses qualités de législateur et de bâtisseur (église Sainte-Sophie). Justinien 1er
29%
Sultan d'Egypte du XIIe siècle, connu pour avoir unifié les principaux pays arabo-musulmans de l'époque et avoir repris Jérusalem aux Francs en 1187. Saladin
24%
Fondateur de l'Empire perse au VIe siècle avant JC dont le règne a été marqué par des conquêtes sans précèdent. Il a notamment vaincu l'Etat babylonien de Crésus. Cyrus le Grand
13%
Sultan de l'Empire ottoman au XVIe siècle, connu pour avoir réussi à étendre son Empire des Balkans jusqu'à la Perse. Soliman 1er
13%
Empereur romain connu pour son génie militaire. L'empire romain a atteint son apogée territorial sous son règne. Trajan
13%
Chef mongol qui a régné sur le plus grand empire de l'Histoire. Il réussit notamment à conquérir la Corée, la Birmanie et la Chine du Sud, où il fut notamment le fondateur de la dynastie des Yuan. Kubilai
11%
Grand conquérant de la fin du XIVe siècle, réputé pour sa cruauté, qui réussit à conquérir une grande partie de l'Asie centrale et occidentale. Tamerlan
11%
Empereur de la dynastie des Maurya qui a régné sur le sous-continent indien au IIIe siècle avant JC. Prônant la non-violence, il est connu pour avoir apporté à l'Inde la prospérité et l'art de gouverner par la tolérance. Ashoka
8%
Empereur du Saint-Empire romain germanique au XIIIe siècle, connu pour son érudition et ses contributions juridqiues ainsi que pour son règne tumultueux marqué par son opposition au pape. Frédéric II
8%
Roi perse de la dynastie amorrite. Il est surtout connu pour son code, l'un des premiers textes législateurs au monde. Hammourabi
8%
Shah de l'Empire Perse dont le règne marqua l'apogée de la dynastie des Safavides, aux dépens des Moghols, des Portugais et des Ouzbeks. Abbas 1er
5%
Fondateur de l'Empire moghol en Inde. Babur
5%
Aucun quiz correspondant
Distribution des résultats
% des personnes avec chaque résultat
Percentile par nombre de réponses
Votre historique - résultats
Vous n’avez pas pris ce quiz